Представление документа в формате RUSMARC

ПолеНазваниеЗначение
  Тип записи a
  Библиографический уровень m
001 Контрольный номер RU/SLIB/B/208770931
005 Дата корректировки 20231128102519.9
010 Индекс ISBN __
a ISBN 5-270-01442-4 (в пер.)
d Цена 200-00; 5-00, 50000 экз.
100 Данные общей обработки __
a Данные общей обработки 19180601d1990 ma y0rusy028902 ca
101 Язык документа 0_
a Язык текста rus
102 Страна публикации __
a Страна публикации RU
105 Кодированные данные (монография) __
a Кодированные данные (монография) y z 000zy
181 Поле кодированных данных: вид содержания _0
a Код вида содержания (ISBD) i
182 Поле кодированных данных: тип средства _0
a Код типа средства (ISBD) n
200 Заглавие и сведения об ответственности 1_
a Заглавие Размышления о Божественной Литургии Н. В. Гоголя
f Первые сведения об ответственности [Н. В. Гоголь ; редактор В. И. Козаченко]
b Общее обозначение материала Текст
205 Сведения об издании __
a Основные сведения об издании Репринтное издание
210 Выходные данные 1_
a Место издания Москва
c Издательство Современник
d Дата издания 1990
215 Физическое описание __
a Объем 124 с.
d Формат 17 см
300 Общие примечания __
a Общие примечания Книга с экслибрисом С. А. Лагерева из личной библиотеки
330 Аннотация __
a Аннотация Последнее произведение Николая Васильевича Гоголя. Задумано в 1845 году, окончание работы - за несколько месяцев до смерти. Опубликовано уже после кончины писателя. Эта книга неоднократно переиздавалась в дореволюционной России. Гоголь создавал свой труд, пользуясь в основном творениями восточных отцов, которые описывали и толковали литургическую практику своей Церкви в современный им период. Но практика богослужения со временем изменялась. Судя по всему, Гоголь редко сверял описываемые им священнодействия и их порядок с тем, что реально происходит на Литургии. Как отмечает диакон Иоанн Нефёдов, в целом порядок в "Размышлениях..." верный. Но в многочисленных деталях присутствует определённая неточность и даже путаница
606 Тематические рубрики __
a Основная рубрика Художественная литература
606 Тематические рубрики __
a Основная рубрика Русская литература XIX в. (произведения)
y Географическая подрубрика Россия
606 Тематические рубрики __
a Основная рубрика Религия. Мистика. Свободомыслие
606 Тематические рубрики __
a Основная рубрика Православие
610 Ключевые слова 0_
a Ключевые слова богослужение
a Ключевые слова литургия
a Ключевые слова православие
a Ключевые слова проза
a Ключевые слова размышления
a Ключевые слова религии
a Ключевые слова религиозные службы
a Ключевые слова тема религии
686 Индексы других классификаций __
2 Код системы rubbks
a Классификационный индекс 84(2=411.2)52-4
686 Индексы других классификаций __
2 Код системы rubbks
a Классификационный индекс 86.372
700 Автор _1
a Фамилия Гоголь
b Имя Н. В.
f Даты 1809-1852
g Полное личное имя Николай Васильевич
4 Код отношения 070
702 Вторичная интеллектуальная ответственность _1
a Фамилия Козаченко
b Имя В. И.
4 Код отношения Редактор
4 Код отношения 340
801 Источник записи _0
a Страна ru
b Организация Муниципальное бюджетное учреждение культуры "Централизованная библиотечная система" г. Сургут (Центральная городская библиотека им. А. С. Пушкина)
c Дата составления 20180601
g Правила каталогизации rpk
801 Источник записи _1
a Страна ru
b Организация Муниципальное бюджетное учреждение культуры "Централизованная библиотечная система" г. Сургут (Центральная городская библиотека им. А. С. Пушкина)
c Дата составления 20180601
g Правила каталогизации rpk
852 Данные о местонахождении __
j Шифр хранения 84(2=411.2)52-4
i Авторский знак Г 58
p Инвентарный номер 42065
901 Тип документа __
t Тип документа m
a Ответственный КиК/Елгина; КиК/Апакова
903 Характеристики (МАРС) __
a Дата передачи 20180601
990 Данные о заказе (DOS) __
j Количество экземпляров (DOS) 1; 3
t N записи в КСУ для И/У (DOS) 201805; 199101